000 nam a22 7a 4500
999 _c16712
_d16712
008 161116b xxu||||| |||| 00| 0 eng d
020 _a0669248142
020 _a9780669248142
050 _aHD 38.2 .B46 1991
100 _aBenfari, Robert
245 _aUnderstanding your management style :
_bbeyond the meyes-briggs type indicator/
_cRobert Benfari; Jean knox
260 _aNew York :
_bLexington Books,
_c1991.
300 _a202p. :
_bill. ;
500 _aIncludes bibliography and index.
650 _aExecutive ability.
650 _amanagement.
700 _aKnox, Jean
942 _2lcc
_cBOOKS
_hHD 38.2 .B46 1991